Os elegantes de outro tempo (Record no. 45962)

MARC details
000 -Etiqueta do registo
Valores 00548cam a2200193 04500
100 ## - Dados gerais de processamento
Dados gerais 19950504d18 km y0pory5003 ba
101 1# - Língua de publicação
Língua por
102 ## - País de publicação
País PT
200 1# - Titulo e menção de responsabilidade
Título próprio Os elegantes de outro tempo
Primeira menção de responsabilidade Xavier de Montépin
Outras menções de responsabilidade trad. de Alberto Pimentel
210 #9 - Publicação
Local de publicação Lisboa
Nome do editor Typ. do "Diário Illustrado",
Data de publicação [18--]
215 ## - Descrição física 
Paginação / Volumes 249,[4] p.
225 2# - Colecção 
Título próprio da colecção Pedro Correia
675 ## - CDU
Notação 821.133.1-31
700 #1 - Autor principal
Apelido Montépin,
Nome Xavier de,
Datas 1823-1902
702 #1 - Autor secundário
Apelido Pimentel,
Nome Alberto,
Datas 1849-1925
Função 730
801 #0 - Fonte de origem
País PT
Agência BN
Regras de catalogação RPC
990 ## - Elementos KOHA
Tipo de documento MON
Holdings
Aquisição Empréstimo Código de barras Cota Permissão de empréstimo Tipo de documento
Biblioteca Municipal de Redondo Biblioteca Municipal de Redondo 057144 821.133.1-3 MON   Livro

Powered by Koha